000 00978nam a22003017a 4500
001 9326
003 FISKH
005 20251211085112.0
008 251211b cb ||||| |||| 00| 0 eng d
020 _a9780751649161
040 _aFISKH
_beng
_cFISKH
_dFISKH
050 _aTL570.E79
082 _a621.132
100 _aEvans, David
_eAuthor
245 _aAir & flying :
_bLet's explore science /
_cDavid Evans and Claudette Williams
260 _aLondon :
_bDorling Kindersley Education ,
_c1993
300 _a29 pages :
_bphotographs ;
_c25 cm
490 _aLet's explore science
505 _aJ
520 _aIncludes activities that explore the properties of air, such as how it feels, how it moves, and how it keeps things airborne.
521 8 _a500
_bLexile estimate
521 8 _aJ
_bRaz-Plus
650 _aNon-fiction
_vPhysical science
650 _aExperiments
_vAir
700 _aWilliams, Claudette
_eAuthor
942 _2ddc
_cBK
_n0
999 _c9326
_d9326